| 000 | 00396cam a2200181 4500 | ||
|---|---|---|---|
| 001 | D13631 | ||
| 008 | 090401t1896 xxu||||| |||| 00| 0 eng d | ||
| 035 | _a(Sirsi) u10907 | ||
| 041 | _aeng | ||
| 100 | _aPocock, W.A. | ||
| 245 | 2 | _aA handbook of auction law | |
| 250 | _a2nd | ||
| 260 |
_bEstates Gazette _c1896 |
||
| 350 | _a0 | ||
| 520 | _aShelf 133 | ||
| 942 | _n0 | ||
| 948 | _c04/03/1997 | ||
| 999 |
_c86781 _d86781 |
||